| 000 | 00394cam a22001337a 4500 | ||
|---|---|---|---|
| 008 | 180718b1954 xxu||||| |||| 00| 0 eng d | ||
| 082 | _aA99 P193/K849 | ||
| 245 |
_aSardar K.M. Panikkar _cedited by B.J. Chacko |
||
| 260 |
_aKozhikode _bMathrubhumi Printing & Pub. House _c1954 |
||
| 300 | _a251p. | ||
| 500 | _aRs.5.00 | ||
| 650 | _aPankikkar Kavalam Madhava, 1895 | ||
| 700 | _aChacko, B.J., ed. | ||
| 999 |
_c362004 _d362004 |
||